Tài liệu chuyên toán bài tập hình học 10
Nội dung sách giới thiệu các bài tập chuyên về hình học nhằm giúp các em học sinh giỏi, khá tự bồi dưỡng nhuiững kiến thức về hình học.
Gespeichert in:
| 1. Verfasser: | |
|---|---|
| Format: | Buch |
| Sprache: | Undetermined |
| Veröffentlicht: |
Hà Nội
Giáo dục Việt Nam
2013
|
| Schlagworte: | |
| Tags: |
Tag hinzufügen
Keine Tags, Fügen Sie den ersten Tag hinzu!
|
| Thư viện lưu trữ: | Trung tâm Học liệu Trường Đại học Cần Thơ |
|---|
| LEADER | 00873nam a2200217Ia 4500 | ||
|---|---|---|---|
| 001 | CTU_190922 | ||
| 008 | 210402s9999 xx 000 0 und d | ||
| 020 | |c 55000 | ||
| 082 | |a 516.0076 | ||
| 082 | |b Qu609 | ||
| 100 | |a Đoàn, Quỳnh | ||
| 245 | 0 | |a Tài liệu chuyên toán bài tập hình học 10 | |
| 245 | 0 | |c Đoàn Quỳnh chủ biên ... [et al.] | |
| 260 | |a Hà Nội | ||
| 260 | |b Giáo dục Việt Nam | ||
| 260 | |c 2013 | ||
| 520 | |a Nội dung sách giới thiệu các bài tập chuyên về hình học nhằm giúp các em học sinh giỏi, khá tự bồi dưỡng nhuiững kiến thức về hình học. | ||
| 650 | |a Geometry,Hình học | ||
| 650 | |x Problems, exercises,Câu hỏi, bài tập | ||
| 904 | |i Tuyến | ||
| 980 | |a Trung tâm Học liệu Trường Đại học Cần Thơ | ||